Boy Bands By Members - Statistics

General Stats
  • This quiz has been taken 34 times
  • The average score is 7 of 10
Answer Stats
Members Band % Correct
Zayn, Liam, Harry, Louis, Niall One Direction
97%
Justin, JC, Lance, Joey, Chris NSYNC
93%
Nick, AJ, Brian, Kevin, Howie The Backstreet Boys
90%
Joe, Nick, Kevin Jonas Brothers
87%
John, Paul, George, Ringo The Beatles
87%
Jin, Suga, Jungkook, RM, J-Hope, Jimin BTS
83%
Michael, Tito, Jermaine, Marlon, Randy, Jackie Jackson 5
83%
Brian, Carl, Dennis, Mike, Al The Beach Boys
47%
Kendall, James, Logan, Carlos Big Time Rush
30%
Frankie, Bob, Tommy, Nick Frankie Valli and the Four Seasons
13%
No matching quizzes found
Score Distribution
Percent of People with Each Score
Percentile by Number Answered
Your Score History
You have not taken this quiz